000 00561nam a2200217Ia 4500
003 OSt
005 20220918192440.0
006 a|||||r|||| 00| 0
007 ta
008 220917b |||||||| |||| 00| 0 eng d
024 _a68,414
037 _cTextual
040 _aARTS
_cARTS
_beng
041 _2eng
_aeng
082 _aR3xN05:7, K5
100 _aSartre Jean-Paul
_914958
245 0 _aSituations tr from the French by Benita Eisler
260 _c1965
942 _hR3xN05:7, K5
_cTEXL
_2CC
999 _c194585
_d194585